| 000 | 00464nam a2200145 a 4500 | ||
|---|---|---|---|
| 005 | 20140412111235.0 | ||
| 008 | 001115s19uu xx 00 eng d | ||
| 020 | _a0-03-006296-9 | ||
| 050 |
_aTR(GS 510.7 _bN515 1975 |
||
| 245 |
_aHolt school mathematics, workbook / _cEugene D. Nicolas, et. al. |
||
| 260 |
_aNew York : _bHolt, Rinehart and Winston Pub, _c1974. |
||
| 300 | _a128 p. ; col. ; ill. | ||
| 650 | _aMathematics -- study and teaching | ||
| 999 |
_c102398 _d102398 |
||